God of Small Things (Record no. 369178)
[ view plain ]
| 000 -LEADER | |
|---|---|
| fixed length control field | 01256 a2200157 4500 |
| 003 - CONTROL NUMBER IDENTIFIER | |
| control field | OSt |
| 005 - DATE AND TIME OF LATEST TRANSACTION | |
| control field | 20251201135110.0 |
| 008 - FIXED-LENGTH DATA ELEMENTS--GENERAL INFORMATION | |
| fixed length control field | 251201b |||||||| |||| 00| 0 eng d |
| 020 ## - INTERNATIONAL STANDARD BOOK NUMBER | |
| International Standard Book Number | 978143028574 |
| 100 ## - MAIN ENTRY--PERSONAL NAME | |
| Personal name | Roy A. |
| 9 (RLIN) | 215547 |
| 245 ## - TITLE STATEMENT | |
| Title | God of Small Things |
| 260 ## - PUBLICATION, DISTRIBUTION, ETC. (IMPRINT) | |
| Name of publisher, distributor, etc. | Penguin Books |
| Date of publication, distribution, etc. | 1997 |
| Place of publication, distribution, etc. | New York |
| 300 ## - PHYSICAL DESCRIPTION | |
| Extent | 339pp, |
| 520 ## - SUMMARY, ETC. | |
| Summary, etc. | Booker Prize winner ?God of Small Things? is a story about two children, Esthappen and Rahel. This was Arundhati Roy's debut novel, in which she throws light on certain facets of life in Kerala, highlighting issues of caste system, Keralite Syrian Christian lifestyle and communism. Esthappen and Rahel at a very young age come to learn about horrifying truth of life, as they are being tortured and blamed for every misfortune. Their less than perfect life gets infected by unexpected events. through the novel begins with Esthappen and Rahel, most of its part holds wider stories of the political events shaping the state, their parents and relatives. The darker undertones in the life of twins get more evident, as secrets, bitterness and lies destroy their world. The heat-aching story of two innocent young children will surely keep you hooked till the end and leave you searching for more. |
| 942 ## - ADDED ENTRY ELEMENTS (KOHA) | |
| Koha item type | Books |
| Source of classification or shelving scheme | Dewey Decimal Classification |
| Withdrawn status | Lost status | Source of classification or shelving scheme | Damaged status | Not for loan | Collection code | Home library | Current library | Date acquired | Vendor | Cost, normal purchase price | Total Checkouts | Barcode | Date last seen | Date last checked out | Cost, replacement price | Bill Date | Koha item type | Original Barcode |
|---|---|---|---|---|---|---|---|---|---|---|---|---|---|---|---|---|---|---|
| Dewey Decimal Classification | BCA | MKSSS s K.B. Joshi Institute of Information Technology Library | MKSSS s K.B. Joshi Institute of Information Technology Library | 27/11/2025 | 8 | 337.50 | 1 | KBJP-BK-2849 | 08/12/2025 | 01/12/2025 | 450.00 | 27/11/2025 | Books | 2849 |